00237nam a2200085Ia 4500008004100000100002400041245004500065260003200110260000900142180219s9999 xx 000 0 und d aSharma Dl Sharma Jc 0aEducation In The Emerging Indian Society aVinay Rakheja R Lall Meerut c2013